Realizaciones de la España actual (Record no. 88337)

MARC details
000 -LEADER
campo de control de longitud fija 00570nam a2200169 i 4500
001 - NÚMERO DE CONTROL
campo de control 88337
003 - IDENTIFICADOR DE NÚMERO DE CONTROL
campo de control ES-MaACL
005 - FECHA Y HORA DE LA ÚLTIMA TRANSACCIÓN
campo de control 20230906175836.0
007 - CAMPO FIJO DE DESCRIPCIÓN FÍSICA--INFORMACIÓN GENERAL
campo de control de longitud fija t|
008 - DATOS DE LONGITUD FIJA--INFORMACIÓN GENERAL
campo de control de longitud fija 050104s1958 sp ||||1| spa d
100 1# - ENTRADA PRINCIPAL--NOMBRE DE PERSONA
Nombre de persona Lagüens Marquesán, Gerardo.
9 (RLIN) 69611
245 10 - MENCIÓN DEL TÍTULO
Título Realizaciones de la España actual
Resto del título : (política interior) /
Mención de responsabilidad, etc. Gerardo Lagüens Marquesán, Roberto García de Vercher.
260 ## - PUBLICACIÓN, DISTRIBUCIÓN, ETC.
Lugar de publicación, distribución, etc. Madrid :
Nombre del editor, distribuidor, etc. [s.n.,
Fecha de publicación, distribución, etc. 1958] (
Fabricante Gráfs. Lure)
300 ## - DESCRIPCIÓN FÍSICA
Extensión 230 p. ;
Dimensiones 21 cm.
700 1# - ENTRADA AGREGADA--NOMBRE PERSONAL
Nombre de persona García de Vercher, Roberto.
9 (RLIN) 54500
852 ## - LOCALIZACIÓN
Ubicación ES-MaACL
Número de control de estantería C-16191
Sublocalización o colección R.42017
Holdings
Estatus retirado Estado de pérdida Estado de daño No para préstamo Biblioteca de origen Biblioteca actual Ubicación en estantería Fecha de adquisición Fuente de adquisición Total de préstamos Signatura topográfica completa Código de barras Visto por última vez Precio de reemplazo Tipo de ítem Koha
        Biblioteca del Ateneo de Madrid Biblioteca del Ateneo de Madrid Ficheros 17/01/2008     C-16191 1092277 23/02/2023 23/02/2023 Libro impreso